000 01118nam a2200325 i 4500
001 768714001
003 CO-MdFUSB
005 20220411115125.0
007 ta
008 130418t2013 inu sb 001 0 eng d
020 _z9781575062617
040 _aMiAaPQ
_cCO-MdFUSB
_dMiAaPQ
_bspa
_erda
041 _aeng
_hheb
082 _223
_a221.66
_bT151
100 1 _aTalmon, Shemaryahu,
_d1920-
_eautor
245 1 0 _aLiterary motifs and patterns in the Hebrew Bible :
_bcollected studies /
_cShemaryahu Talmon.
264 1 _aWinona Lake, Ind. :
_bEisenbrauns,
_c[2013]
264 4 _c© 2013
300 _a505 páginas
_c; 24 cm
336 _2rdacontent
_atexto
_btxt
337 _2rdamedia
_asin mediación
_bn
338 _2rdacarrier
_avolumen
_bnc
504 _aIncluye referencias bibliográficas e índices.
505 _aMotivos conceptuales relacionados con la historia, el tiempo y la cronología -- Colocaciones y temas y su significado -- Literatura del Segundo Templo.
563 _aPasta dura
630 0 7 _aBiblia.
_pAntiguo Testamento
942 _cBK
945 _aJTF-925
999 _c67587
_d67587